000 00475nam a22001697a 4500
005 20251108165230.0
008 250721s1973 xx 000 0 ara d
082 1 4 _a915.4/عود
100 1 _aعودة، محمد
245 1 0 _aرحلة في قلب نهرو /
264 1 _aبيروت :
_bالمؤسسة العربية للدراسات و النشر،
_c1973.
300 _a173ص.
650 1 7 _aالهند
650 1 7 _aالسفر
942 _2ddc
_cBK
999 _c22754
_d22754